000
00217 a2200109 4500
001
51156
040
_c
Anchieta - Pituba
240
1
0
_a
Eswar einmal
_l
245
1
0
_a
Eswar einmal
650
4
_a
Língua alemã
942
_c
MX
999
_c
51156
_d
51156